[Event "4NCL Division 2c"]
[Site "Puma Hotel, Hinckley Island EN"]
[Date "2013.05.04"]
[Round "9.11"]
[White "Gayson, Peter M"]
[Black "Zakarian, David"]
[Result "0-1"]
[WhiteElo "2215"]
[BlackElo "2374"]
[PlyCount "162"]
[EventDate "2013.05.04"]
[WhiteTeam "White Rose 2"]
[BlackTeam "Oxford 1"]

1. e4 c5 2. Nf3 Nc6 3. d4 cxd4 4. Nxd4 e5 5. Nb5 d6 6. c4 Be7 7. N1c3 a6 8. Na3
Be6 9. Nc2 Rc8 10. Be3 Nf6 11. Bd3 O-O 12. O-O Ng4 13. b3 Bg5 14. Nd5 Bxe3 15.
Ncxe3 Qh4 16. Nxg4 Bxg4 17. Be2 Be6 18. f4 exf4 19. Nxf4 Qe7 20. Qd2 Rcd8 21.
Rad1 Ne5 22. h3 Rfe8 23. Qc3 Bd7 24. Nd5 Qg5 25. Nc7 Rf8 26. Qd2 Qg3 27. Qf4
Qxf4 28. Rxf4 Bc6 29. Nd5 Rfe8 30. Rf2 f6 31. Bf3 Nf7 32. Rfd2 Re5 33. Nb4 Bxe4
34. Bxe4 Rxe4 35. Rd4 Rde8 36. Rxe4 Rxe4 37. Kf2 Kf8 38. Nd5 h5 39. Nc3 Re5 40.
g3 Ke7 41. Nd5+ Kd7 42. Nf4 Kc6 43. Rd5 h4 44. gxh4 Re4 45. Kf3 Re1 46. Kf2 Re7
47. Ng6 Re8 48. Rh5 Ne5 49. Nf4 b5 50. cxb5+ axb5 51. Rh7 g5 52. hxg5 fxg5 53.
Ne2 b4 54. Rg7 Rf8+ 55. Ke3 Re8 56. Kf2 Nd3+ 57. Kf3 Re5 58. Rg8 Kd5 59. Ra8
Ne1+ 60. Kf2 Nd3+ 61. Kf3 Ne1+ 62. Kf2 Ke4 63. Ng3+ Kd4 64. Ne2+ Kd3 65. Ng3
Nc2 66. Rf8 Nd4 67. Rb8 Nc6 68. Ra8 Rc5 69. a3 Rc2+ 70. Kf1 d5 71. axb4 Nxb4
72. Rg8 Ke3 73. Nf5+ Kf4 74. Nd4 Rd2 75. Ne6+ Ke3 76. Rxg5 Rf2+ 77. Kg1 Rf6 78.
Rg3+ Ke4 79. Rg4+ Kd3 80. Rxb4 Rxe6 81. Kf2 d4 0-1

[Event "4NCL Division 2c"]
[Site "Puma Hotel, Hinckley Island EN"]
[Date "2013.05.04"]
[Round "9.12"]
[White "Eckersley-Waites, Tom"]
[Black "Adams, David M"]
[Result "1-0"]
[WhiteElo "2261"]
[BlackElo "2216"]
[PlyCount "59"]
[EventDate "2013.05.04"]
[WhiteTeam "Oxford 1"]
[BlackTeam "White Rose 2"]

1. e4 d6 2. d4 Nf6 3. Nc3 e5 4. Nf3 Nbd7 5. g4 Nxg4 6. Rg1 Ngf6 7. Bc4 h6 8.
Be3 c6 9. dxe5 dxe5 10. Qe2 b5 11. O-O-O bxc4 12. Nxe5 Ba6 13. Nxc6 Qc7 14. e5
Qxc6 15. exf6 gxf6 16. Bf4+ Qe6 17. Qf3 Rc8 18. Rge1 Ne5 19. Qg3 Be7 20. Qg7
Rf8 21. Bxe5 fxe5 22. Rxe5 Qg6 23. Rxe7+ Kxe7 24. Nd5+ Ke8 25. Qe5+ Kd7 26.
Nf6+ Kc6 27. Rd6+ Kb7 28. Qd5+ Kb8 29. Nd7+ Kc7 30. Qc6+ 1-0

[Event "4NCL Division 2c"]
[Site "Puma Hotel, Hinckley Island EN"]
[Date "2013.05.04"]
[Round "9.13"]
[White "Weller, Jean-Luc"]
[Black "Schmidt, Jan-Peter"]
[Result "1-0"]
[WhiteElo "2176"]
[BlackElo "2269"]
[PlyCount "127"]
[EventDate "2013.05.04"]
[WhiteTeam "White Rose 2"]
[BlackTeam "Oxford 1"]

1. d4 Nf6 2. c4 e6 3. Nc3 Bb4 4. g3 c5 5. Nf3 cxd4 6. Nxd4 O-O 7. Bg2 Nc6 8.
O-O Qe7 9. Nc2 Rd8 10. Nxb4 Qxb4 11. Qd3 Ne5 12. Qd4 d6 13. b3 Nc6 14. Qd3 Ne5
15. Qc2 Bd7 16. Bg5 Bc6 17. Ne4 Bxe4 18. Bxe4 Nxe4 19. Bxd8 f5 20. f3 Qc5+ 21.
Kh1 Nxg3+ 22. hxg3 Rxd8 23. Qd2 b6 24. Rad1 h6 25. Qd4 Qc7 26. e4 Qf7 27. exf5
Qxf5 28. Kg2 Kh8 29. Qe4 Qxe4 30. fxe4 Kg8 31. Rd2 Ng4 32. Kh3 h5 33. Kh4 Nf6
34. e5 Ne4 35. Rd4 g5+ 36. Kh3 d5 37. cxd5 exd5 38. Re1 Rc8 39. Rxd5 Nf2+ 40.
Kg2 Rc2 41. Kf3 Ng4 42. Rd8+ Kg7 43. Ke4 Rxa2 44. Kf5 Nh6+ 45. Ke6 Ng4 46. Rd7+
Kg6 47. Rd6 h4 48. gxh4 gxh4 49. Rg1 Kh5 50. Rd4 Nf2 51. Rd8 Ng4 52. Rh8+ Nh6
53. Rf1 Rg2 54. Rf6 Rg6 55. Rxg6 Kxg6 56. Kd7 h3 57. e6 h2 58. e7 h1=Q 59.
e8=Q+ Kg5 60. Qe5+ Kg6 61. Qe6+ Kg7 62. Qxh6+ Qxh6 63. Rxh6 Kxh6 64. Kc6 1-0

[Event "4NCL Division 2c"]
[Site "Puma Hotel, Hinckley Island EN"]
[Date "2013.05.04"]
[Round "9.14"]
[White "Rose, Matthew"]
[Black "Weller, Pierre"]
[Result "1-0"]
[WhiteElo "2303"]
[BlackElo "2124"]
[PlyCount "49"]
[EventDate "2013.05.04"]
[WhiteTeam "Oxford 1"]
[BlackTeam "White Rose 2"]

1. e4 e6 2. d4 d5 3. Nd2 Be7 4. Ngf3 Nf6 5. e5 Nfd7 6. Bd3 c5 7. c3 Nc6 8. O-O
g5 9. dxc5 Nxc5 10. Bb5 Nd7 11. Re1 a6 12. Ba4 b5 13. Bc2 g4 14. Nd4 Ncxe5 15.
f4 gxf3 16. N2xf3 Ng6 17. Bh6 Qb6 18. Kh1 Bb7 19. a4 b4 20. a5 Qd6 21. cxb4
Qxb4 22. Ba4 Qd6 23. Ra3 Bf8 24. Bg5 e5 25. Rb3 1-0

[Event "4NCL Division 2c"]
[Site "Puma Hotel, Hinckley Island EN"]
[Date "2013.05.04"]
[Round "9.15"]
[White "Burnett, Jim"]
[Black "Smallbone, Kieran D"]
[Result "0-1"]
[WhiteElo "2143"]
[BlackElo "2211"]
[PlyCount "114"]
[EventDate "2013.05.04"]
[WhiteTeam "White Rose 2"]
[BlackTeam "Oxford 1"]

1. d4 d5 2. c4 c6 3. Nf3 Nf6 4. Nc3 dxc4 5. a4 Bg4 6. Ne5 Nbd7 7. Nxg4 Nxg4 8.
e3 Ngf6 9. Bxc4 e6 10. O-O Bb4 11. Qb3 Qb6 12. Rd1 O-O 13. Bd2 a5 14. Be1 Rad8
15. Qc2 Qc7 16. h3 Rfe8 17. Rac1 h6 18. Ba2 e5 19. d5 Nc5 20. Ne2 Bxe1 21. Rxe1
b6 22. dxc6 Qxc6 23. Qc4 Qb7 24. Red1 Nfe4 25. Nc3 Nxc3 26. bxc3 Qc7 27. Qb5
Rxd1+ 28. Rxd1 Rd8 29. Rb1 Rb8 30. Rd1 g6 31. Bd5 Rd8 32. Qc4 Kg7 33. e4 Rd6
34. Ra1 Qd7 35. Ra2 Qe7 36. Ra1 Qd7 37. Ra2 Qe7 38. Ra1 h5 39. Rf1 Rf6 40. Ra1
Rd6 41. Ra2 Qg5 42. Rc2 h4 43. Ra2 Ne6 44. Qe2 Qc1+ 45. Kh2 Nf4 46. Qf3 Rf6 47.
Qg4 Qf1 48. Rd2 Rd6 49. Qf3 Qc1 50. Qe3 Rf6 51. c4 Qf1 52. f3 Nxh3 53. Kxh3
Qh1+ 54. Kg4 Rf4+ 55. Qxf4 exf4 56. Kxf4 Qe1 57. Ra2 Kf6 0-1

[Event "4NCL Division 2c"]
[Site "Puma Hotel, Hinckley Island EN"]
[Date "2013.05.04"]
[Round "9.16"]
[White "Nitz, Tomos"]
[Black "Shaw, Peter"]
[Result "0-1"]
[WhiteElo "2122"]
[BlackElo "2151"]
[PlyCount "92"]
[EventDate "2013.05.04"]
[WhiteTeam "Oxford 1"]
[BlackTeam "White Rose 2"]

1. d4 d6 2. e4 Nf6 3. Nc3 c6 4. Nf3 Bg4 5. h3 Bh5 6. Qe2 e6 7. g4 Bg6 8. h4 h5
9. g5 Nfd7 10. Bd2 Be7 11. O-O-O d5 12. Bh3 O-O 13. Ne1 b5 14. exd5 cxd5 15.
Qxb5 Qc7 16. f4 Nc6 17. Nf3 Rab8 18. Qe2 Qb6 19. Na4 Nxd4 20. Qe3 Qc6 21. Nxd4
Qxa4 22. f5 Bc5 23. Bc3 exf5 24. Qf3 f4 25. Bxd7 Qxd7 26. Qxf4 Qa4 27. Rh2 Qxa2
28. Nb3 Rxb3 29. cxb3 Qb1+ 30. Kd2 Qc2+ 31. Ke1 Re8+ 32. Be5 Bb4+ 33. Rhd2
Bxd2+ 34. Rxd2 Qc1+ 35. Ke2 Qc5 36. Kf1 Qc1+ 37. Ke2 Qc5 38. Kf1 Qb5+ 39. Kf2
Qxb3 40. Bc3 Qb6+ 41. Bd4 Qe6 42. Qe3 Qd7 43. Qc3 Re4 44. Re2 Rxh4 45. Bxg7 d4
46. Qg3 Qf5+ 0-1

[Event "4NCL Division 2c"]
[Site "Puma Hotel, Hinckley Island EN"]
[Date "2013.05.04"]
[Round "9.17"]
[White "O'Driscoll, Kieran"]
[Black "Rawlinson, Aidan M"]
[Result "0-1"]
[WhiteElo "2120"]
[BlackElo "2171"]
[PlyCount "77"]
[EventDate "2013.05.04"]
[WhiteTeam "White Rose 2"]
[BlackTeam "Oxford 1"]

1. d4 g6 2. c4 Bg7 3. Nc3 Nf6 4. e4 d6 5. Nf3 O-O 6. Be2 e5 7. O-O Nc6 8. d5
Ne7 9. b4 Nh5 10. Re1 f5 11. Ng5 Nf6 12. f3 a5 13. bxa5 Rxa5 14. a4 c5 15. dxc6
bxc6 16. c5 d5 17. Qb3 h6 18. Nh3 fxe4 19. fxe4 Kh7 20. exd5 cxd5 21. Qb6 d4
22. Nb5 d3 23. Bd2 Ra6 24. Qxd8 Rxd8 25. Bf3 e4 26. Ra3 Bxh3 27. gxh3 Rc6 28.
Bxe4 Nxe4 29. Rxe4 Nf5 30. Rc4 Rd5 31. Kg2 Rcxc5 32. Rxc5 Rxc5 33. Rxd3 Rc2 34.
Kf3 Ra2 35. a5 Rb2 36. a6 Ra2 37. a7 Ra4 38. Rc3 Nd4+ 39. Kg2 0-1

[Event "4NCL Division 2c"]
[Site "Puma Hotel, Hinckley Island EN"]
[Date "2013.05.04"]
[Round "9.18"]
[White "Ehr, Jennifer"]
[Black "Arnott, Jonathan W"]
[Result "0-1"]
[WhiteElo "1595"]
[BlackElo "2188"]
[PlyCount "42"]
[EventDate "2013.05.04"]
[WhiteTeam "Oxford 1"]
[BlackTeam "White Rose 2"]

1. e4 e6 2. d4 d5 3. Nd2 Nf6 4. e5 Nfd7 5. Ngf3 c5 6. c3 Nc6 7. Bd3 g5 8. g4
Qb6 9. Qa4 Be7 10. Qb5 Qc7 11. Be2 cxd4 12. cxd4 Nb4 13. Bd1 b6 14. Ba4 Ba6 15.
Qxd7+ Qxd7 16. Bxd7+ Kxd7 17. Kd1 Nd3 18. Rg1 Rac8 19. Rg2 Nf4 20. Rg1 Rc7 21.
Nb3 Be2+ 0-1

[Event "4NCL Division 2c"]
[Site "Puma Hotel, Hinckley Island EN"]
[Date "2013.05.04"]
[Round "9.21"]
[White "Beaumont, Chris R"]
[Black "Slaby, Jerzy"]
[Result "1-0"]
[WhiteElo "2273"]
[BlackElo "2476"]
[PlyCount "79"]
[EventDate "2013.05.04"]
[WhiteTeam "Bristol 1"]
[BlackTeam "Pandora's Box Grantham"]

1. c4 g6 2. Nf3 Bg7 3. d4 d6 4. Nc3 Nf6 5. e4 O-O 6. Be2 e5 7. O-O Nc6 8. Be3
Ng4 9. Bg5 f6 10. Bc1 h5 11. dxe5 fxe5 12. h3 Nh6 13. Be3 Nf7 14. c5 Be6 15.
Qa4 Qd7 16. Rfd1 Kh8 17. Rd2 a6 18. Rad1 Qe7 19. Nd5 Bxd5 20. exd5 Nd4 21. Nxd4
exd4 22. cxd6 cxd6 23. Bxd4 Ne5 24. Rc2 Rac8 25. Rdc1 Rxc2 26. Qxc2 Qf7 27. Qe4
Re8 28. Bc3 Ng4 29. Qf3 Qxf3 30. Bxg7+ Kxg7 31. Bxf3 Ne5 32. Rc7+ Kf6 33. Rxb7
Nxf3+ 34. gxf3 Re2 35. Rd7 Rxb2 36. Rxd6+ Ke5 37. Rxa6 Kxd5 38. a4 Ra2 39. a5
Kd4 40. Rd6+ 1-0

[Event "4NCL Division 2c"]
[Site "Puma Hotel, Hinckley Island EN"]
[Date "2013.05.04"]
[Round "9.22"]
[White "Polaczek, Richard"]
[Black "Rudd, Jack"]
[Result "1-0"]
[WhiteElo "2396"]
[BlackElo "2285"]
[PlyCount "45"]
[EventDate "2013.05.04"]
[WhiteTeam "Pandora's Box Grantham"]
[BlackTeam "Bristol 1"]

1. d4 Nf6 2. Bg5 e6 3. e4 c5 4. d5 Qa5+ 5. Bd2 Qc7 6. Nc3 a6 7. a4 d6 8. Be2 g6
9. Bg5 Bg7 10. Nf3 O-O 11. O-O h6 12. Bxf6 Bxf6 13. dxe6 Bxe6 14. Nd5 Bxd5 15.
Qxd5 Nc6 16. c3 Rad8 17. Bc4 Ne5 18. Nd2 Qc6 19. Qxc6 bxc6 20. Bxa6 Ra8 21. Be2
Rfb8 22. Ra2 Ra5 23. f4 1-0

[Event "4NCL Division 2c"]
[Site "Puma Hotel, Hinckley Island EN"]
[Date "2013.05.04"]
[Round "9.24"]
[White "Batchelor, Peter J"]
[Black "Dilleigh, Stephen P"]
[Result "0-1"]
[WhiteElo "2132"]
[BlackElo "2112"]
[PlyCount "126"]
[EventDate "2013.05.04"]
[WhiteTeam "Pandora's Box Grantham"]
[BlackTeam "Bristol 1"]

1. Nf3 d5 2. d4 Nf6 3. c4 e6 4. Nc3 Be7 5. Bf4 O-O 6. e3 Nbd7 7. c5 c6 8. h3 b6
9. b4 a5 10. a3 Ba6 11. Bxa6 Rxa6 12. O-O Qc8 13. Qc2 Qb7 14. Rab1 axb4 15.
axb4 b5 16. Nd2 Rfa8 17. Bh2 R8a7 18. f4 Qa8 19. g4 Ra1 20. f5 Rxb1 21. Rxb1
Ra1 22. fxe6 fxe6 23. g5 Rxb1+ 24. Ndxb1 Ne8 25. h4 Bd8 26. e4 Bc7 27. exd5
exd5 28. Ne2 Bxh2+ 29. Kxh2 Nf8 30. Nd2 Qa3 31. Qb3 Qxb3 32. Nxb3 Ne6 33. Ng1
N8c7 34. Nf3 Na6 35. Ne5 Nxb4 36. Kg3 g6 37. Kg4 Kf8 38. Nd7+ Kg7 39. Ne5 h6
40. gxh6+ Kxh6 41. Nf7+ Kg7 42. Ne5 Kf6 43. Nd7+ Kf7 44. Ne5+ Kg7 45. h5 gxh5+
46. Kxh5 Kf6 47. Kg4 Nxd4 48. Nd7+ Ke7 49. Nxd4 Kxd7 50. Kf5 Nd3 51. Nb3 Ke7
52. Nd4 Kd7 53. Nb3 b4 54. Kf6 Nxc5 55. Nxc5+ Kd6 56. Nb7+ Kc7 57. Nc5 Kb6 58.
Nb3 Kb5 59. Ke5 Kc4 60. Na5+ Kc3 61. Nxc6 b3 62. Na7 b2 63. Nb5+ Kb4 0-1

[Event "4NCL Division 2c"]
[Site "Puma Hotel, Hinckley Island EN"]
[Date "2013.05.04"]
[Round "9.25"]
[White "Curtis, John E"]
[Black "Ross, Chris N"]
[Result "0-1"]
[WhiteElo "2111"]
[BlackElo "2247"]
[PlyCount "80"]
[EventDate "2013.05.04"]
[WhiteTeam "Bristol 1"]
[BlackTeam "Pandora's Box Grantham"]

1. d4 e6 2. Nd2 c5 3. e3 Nf6 4. Ngf3 Nc6 5. c3 d5 6. Bd3 Be7 7. O-O O-O 8. dxc5
Bxc5 9. e4 e5 10. Qe2 Bg4 11. exd5 Qxd5 12. Ne4 Be7 13. Rd1 Qe6 14. Nxf6+ Bxf6
15. h3 Bh5 16. Qe4 Bg6 17. Qa4 Bxd3 18. Rxd3 Rad8 19. Rxd8 Rxd8 20. Be3 Qd5 21.
Nd2 Be7 22. Qb3 Qd7 23. Qc4 b6 24. Nb3 Bf8 25. a4 Qd5 26. Qxd5 Rxd5 27. Kf1 f5
28. f3 Kf7 29. Ke2 Ke6 30. Nd2 Bc5 31. Nb3 Bxe3 32. Kxe3 h5 33. Nd2 h4 34. Nc4
g5 35. b4 Ne7 36. Ra2 Rd8 37. Ra3 Nd5+ 38. Ke2 Rc8 39. Ne3 Rxc3 40. Rxc3 Nxc3+
0-1

[Event "4NCL Division 2c"]
[Site "Puma Hotel, Hinckley Island EN"]
[Date "2013.05.04"]
[Round "9.26"]
[White "Capuzzo, Marcos"]
[Black "Collier, David O"]
[Result "0-1"]
[WhiteElo "2229"]
[BlackElo "2075"]
[PlyCount "68"]
[EventDate "2013.05.04"]
[WhiteTeam "Pandora's Box Grantham"]
[BlackTeam "Bristol 1"]

1. d4 Nf6 2. Nf3 e6 3. e3 d5 4. Be2 Nbd7 5. O-O Bd6 6. b3 O-O 7. Bb2 Ne4 8. c4
c6 9. Ne5 f6 10. Nxd7 Bxd7 11. f3 Ng5 12. Nc3 f5 13. f4 Nf7 14. Rc1 Kh8 15. Nb1
Qe7 16. Nd2 g5 17. g3 Rg8 18. Rf2 Nh6 19. Kh1 Raf8 20. Kg2 Be8 21. h3 gxf4 22.
exf4 Qh4 23. Rc3 Bxf4 24. Nf1 Bd6 25. Bc1 f4 26. g4 Bg6 27. c5 Be4+ 28. Kg1 Bc7
29. Nh2 f3 30. Bxf3 Qxh3 31. Bxh6 Qxh6 32. Bxe4 Rxf2 33. Kxf2 dxe4 34. Nf1 Qf4+
0-1

[Event "4NCL Division 2c"]
[Site "Puma Hotel, Hinckley Island EN"]
[Date "2013.05.04"]
[Round "9.27"]
[White "Humphreys, Jerry"]
[Black "Burrows, Martin P"]
[Result "1/2-1/2"]
[WhiteElo "2060"]
[BlackElo "2144"]
[PlyCount "91"]
[EventDate "2013.05.04"]
[WhiteTeam "Bristol 1"]
[BlackTeam "Pandora's Box Grantham"]

1. e4 c5 2. Nc3 Nc6 3. g3 g6 4. Bg2 Bg7 5. d3 d6 6. Be3 Rb8 7. Qd2 e6 8. Nge2
Nd4 9. O-O b5 10. Nd1 Ne7 11. Nc1 O-O 12. c3 Ndc6 13. Bh6 b4 14. Bxg7 Kxg7 15.
Ne3 Ba6 16. f4 f5 17. exf5 gxf5 18. Ne2 bxc3 19. bxc3 Qa5 20. Rad1 Qa3 21. Nc2
Qb2 22. Rfe1 Bc8 23. Ne3 Qxd2 24. Rxd2 Ba6 25. Kf2 Rb6 26. d4 cxd4 27. Nxd4
Nxd4 28. cxd4 d5 29. Nd1 Rc8 30. Nb2 Bb5 31. Nd3 Bxd3 32. Rxd3 Kf6 33. Rd2 Rc3
34. Re3 Rxe3 35. Kxe3 Nc8 36. Rc2 Nd6 37. h3 Nc4+ 38. Kf3 Rb1 39. g4 Rd1 40.
g5+ Ke7 41. h4 Rd3+ 42. Kf2 Rxd4 43. Kg3 Rd3+ 44. Kf2 Rd4 45. Kg3 Rd3+ 46. Kf2
1/2-1/2

[Event "4NCL Division 2c"]
[Site "Puma Hotel, Hinckley Island EN"]
[Date "2013.05.04"]
[Round "9.28"]
[White "Mangione, Claudio"]
[Black "Wang, Alyssa"]
[Result "1-0"]
[WhiteElo "2110"]
[BlackElo "1558"]
[PlyCount "49"]
[EventDate "2013.05.04"]
[WhiteTeam "Pandora's Box Grantham"]
[BlackTeam "Bristol 1"]

1. c4 c6 2. Nf3 d5 3. g3 Bf5 4. cxd5 Qxd5 5. Nc3 Qd8 6. Bg2 e6 7. O-O Nf6 8. d3
Nbd7 9. Rb1 Be7 10. Bd2 O-O 11. b4 Nb6 12. b5 c5 13. Nh4 Qd7 14. Nxf5 exf5 15.
a4 a5 16. bxa6 Rxa6 17. Rb5 Rfa8 18. Qb3 Bd8 19. Rxc5 Nxa4 20. Nxa4 Rxa4 21.
Qxb7 Qxb7 22. Bxb7 Rb8 23. Bf3 g6 24. Bf4 Be7 25. Rxf5 1-0

[Event "4NCL Division 2c"]
[Site "Puma Hotel, Hinckley Island EN"]
[Date "2013.05.04"]
[Round "9.31"]
[White "Snuverink, Jochem"]
[Black "Player, Edmund C"]
[Result "1-0"]
[WhiteElo "2350"]
[BlackElo "2237"]
[PlyCount "51"]
[EventDate "2013.05.04"]
[WhiteTeam "Kings Head"]
[BlackTeam "Anglian Avengers 1"]

1. e4 e6 2. d4 d5 3. Nc3 Bb4 4. e5 Ne7 5. a3 Bxc3+ 6. bxc3 b6 7. Qg4 Ng6 8. h4
h5 9. Qf3 Ba6 10. Bxa6 Nxa6 11. Ne2 c5 12. Ng3 Qc7 13. Nxh5 Rh7 14. g4 cxd4 15.
cxd4 Nxe5 16. Qg3 Nxg4 17. Qxg4 Qc3+ 18. Kf1 Qxa1 19. Kg2 Qc3 20. Nxg7+ Kf8 21.
Rh3 Qe1 22. Rf3 Nc7 23. Nh5 Qxc1 24. Qg6 Qh6 25. Rxf7+ Ke8 26. Qg8+ 1-0

[Event "4NCL Division 2c"]
[Site "Puma Hotel, Hinckley Island EN"]
[Date "2013.05.04"]
[Round "9.32"]
[White "Spence, David J"]
[Black "McMichael, Richard J"]
[Result "1/2-1/2"]
[WhiteElo "2232"]
[BlackElo "2248"]
[PlyCount "30"]
[EventDate "2013.05.04"]
[WhiteTeam "Anglian Avengers 1"]
[BlackTeam "Kings Head"]

1. e4 e6 2. d4 d5 3. Nc3 Nc6 4. Nf3 Nf6 5. e5 Ne4 6. Ne2 f6 7. Ng3 fxe5 8. dxe5
Be7 9. Bb5 Bd7 10. Bxc6 Bxc6 11. Nxe4 dxe4 12. Qxd8+ Rxd8 13. Ng5 Rd5 14. Nxe6
Rxe5 15. Nd4 Bd7 1/2-1/2

[Event "4NCL Division 2c"]
[Site "Puma Hotel, Hinckley Island EN"]
[Date "2013.05.04"]
[Round "9.33"]
[White "Kwiatkowski, Feliks J"]
[Black "Merry, Alan B"]
[Result "1/2-1/2"]
[WhiteElo "2209"]
[BlackElo "2233"]
[PlyCount "59"]
[EventDate "2013.05.04"]
[WhiteTeam "Kings Head"]
[BlackTeam "Anglian Avengers 1"]

1. e4 c5 2. Nf3 Nc6 3. c3 d5 4. exd5 Qxd5 5. d4 Nf6 6. Be3 Bg4 7. Be2 cxd4 8.
cxd4 e6 9. Nc3 Qa5 10. O-O Bd6 11. h3 Bh5 12. a3 O-O 13. Qb3 Rab8 14. Rfd1 Rfd8
15. g4 Bg6 16. Nh4 Ne7 17. Bf3 b5 18. Nxg6 hxg6 19. d5 Nfxd5 20. Nxd5 Nxd5 21.
Bxd5 exd5 22. Rxd5 Qc7 23. Rad1 a6 24. Bg5 Bh2+ 25. Kg2 Rxd5 26. Qxd5 Bf4 27.
Bxf4 Qxf4 28. Rd4 Qc1 29. Qe5 Qc6+ 30. Qd5 1/2-1/2

[Event "4NCL Division 2c"]
[Site "Puma Hotel, Hinckley Island EN"]
[Date "2013.05.04"]
[Round "9.34"]
[White "Lindner, Daniel"]
[Black "Okike, David C"]
[Result "1/2-1/2"]
[WhiteElo "2202"]
[BlackElo "2160"]
[PlyCount "83"]
[EventDate "2013.05.04"]
[WhiteTeam "Anglian Avengers 1"]
[BlackTeam "Kings Head"]

1. c4 Nf6 2. g3 g6 3. Bg2 Bg7 4. Nc3 d6 5. e4 O-O 6. Nge2 e5 7. O-O Nc6 8. d3
a6 9. h3 Nd7 10. Be3 Rb8 11. d4 exd4 12. Nxd4 Nde5 13. b3 Nxd4 14. Bxd4 c5 15.
Bxe5 Bxe5 16. Rc1 b5 17. cxb5 axb5 18. Qd2 b4 19. Nd5 Bb7 20. Kh2 Bxd5 21. Qxd5
Ra8 22. Rc2 Ra6 23. Qc4 Ra5 24. Rd1 Qb6 25. Rdd2 Re8 26. Re2 Re7 27. f4 Bd4 28.
Bf3 Kg7 29. Rg2 Rea7 30. Rge2 R7a6 31. Rg2 Qa7 32. Qe2 Qe7 33. Qc4 Qf6 34. Qd5
h6 35. Be2 Ra7 36. Bc4 Re7 37. Rce2 Raa7 38. h4 Re8 39. Qc6 Rae7 40. Qd5 g5 41.
h5 Kh8 42. Qf5 1/2-1/2

[Event "4NCL Division 2c"]
[Site "Puma Hotel, Hinckley Island EN"]
[Date "2013.05.04"]
[Round "9.35"]
[White "Guthrie, David W"]
[Black "Taylor, Adam C"]
[Result "1/2-1/2"]
[WhiteElo "2170"]
[BlackElo "1954"]
[PlyCount "67"]
[EventDate "2013.05.04"]
[WhiteTeam "Kings Head"]
[BlackTeam "Anglian Avengers 1"]

1. d4 Nf6 2. c4 e6 3. Nf3 c5 4. e3 b6 5. Nc3 Bb7 6. d5 exd5 7. cxd5 d6 8. e4
Be7 9. Bd3 O-O 10. O-O Ba6 11. e5 dxe5 12. Nxe5 Bb7 13. Bc4 Nbd7 14. Nc6 Bxc6
15. dxc6 Ne5 16. Ba6 Nxc6 17. Bb7 Nd4 18. Bxa8 Qxa8 19. Bg5 Rd8 20. Bxf6 Bxf6
21. Qg4 Qc6 22. Rad1 Qe6 23. Qxe6 fxe6 24. Rfe1 Kf7 25. Kf1 e5 26. Ne4 h6 27.
Rc1 a5 28. Red1 Ke6 29. f3 Rc8 30. b3 Bg5 31. Nxg5+ hxg5 32. Kf2 b5 33. Ke3 Kd5
34. g3 1/2-1/2

[Event "4NCL Division 2c"]
[Site "Puma Hotel, Hinckley Island EN"]
[Date "2013.05.04"]
[Round "9.36"]
[White "Munson, Shaun D"]
[Black "Thomas, Rik H"]
[Result "1/2-1/2"]
[WhiteElo "2177"]
[BlackElo "2183"]
[PlyCount "77"]
[EventDate "2013.05.04"]
[WhiteTeam "Anglian Avengers 1"]
[BlackTeam "Kings Head"]

1. d4 e6 2. Nf3 d5 3. e3 Nf6 4. b3 c5 5. Bb2 Nc6 6. Bd3 Be7 7. Nbd2 O-O 8. O-O
b6 9. Ne5 Qc7 10. a3 Bb7 11. Qf3 c4 12. bxc4 dxc4 13. Nexc4 Ne5 14. Qe2 Nxd3
15. cxd3 b5 16. Ne5 Qc2 17. Rab1 Rac8 18. Qd1 Nd5 19. Ne4 Nb6 20. Nc5 Qxd1 21.
Rfxd1 Bxc5 22. dxc5 Rxc5 23. Bd4 Rd5 24. Rbc1 f6 25. Nc6 Bxc6 26. Rxc6 e5 27.
Bxb6 axb6 28. e4 Rd4 29. Rxb6 Rfd8 30. f3 Rxd3 31. Rxd3 Rxd3 32. Rxb5 Rxa3 33.
Rb7 Ra2 34. h4 h5 35. Kh2 Kh7 36. Kh3 Rf2 37. Kg3 Ra2 38. Kh3 Rf2 39. Kg3
1/2-1/2

[Event "4NCL Division 2c"]
[Site "Puma Hotel, Hinckley Island EN"]
[Date "2013.05.04"]
[Round "9.37"]
[White "Balaji, Ananthanarayanan"]
[Black "Tozer, Philip AA"]
[Result "1/2-1/2"]
[WhiteElo "1919"]
[BlackElo "2165"]
[PlyCount "58"]
[EventDate "2013.05.04"]
[WhiteTeam "Kings Head"]
[BlackTeam "Anglian Avengers 1"]

1. e4 e6 2. d4 d5 3. Nd2 Nf6 4. e5 Nfd7 5. Bd3 c5 6. c3 Nc6 7. Ne2 cxd4 8. cxd4
f6 9. exf6 Nxf6 10. Nf3 Bd6 11. O-O O-O 12. Bf4 Bxf4 13. Nxf4 Ne4 14. g3 Qf6
15. h4 h6 16. Bxe4 dxe4 17. Ne5 Rd8 18. Nxc6 bxc6 19. Qa4 Rxd4 20. Qxc6 Rb8 21.
Qc7 Rdb4 22. Qxa7 Qxb2 23. Rad1 R4b7 24. Qa4 Qf6 25. Qe8+ Qf8 26. Qg6 e5 27.
Ne6 Bxe6 28. Qxe6+ Qf7 29. Qxe5 Re8 1/2-1/2

[Event "4NCL Division 2c"]
[Site "Puma Hotel, Hinckley Island EN"]
[Date "2013.05.04"]
[Round "9.38"]
[White "Talsma, Paul A"]
[Black "Wittmann, Jochen"]
[Result "1/2-1/2"]
[WhiteElo "2185"]
[BlackElo "2176"]
[PlyCount "81"]
[EventDate "2013.05.04"]
[WhiteTeam "Anglian Avengers 1"]
[BlackTeam "Kings Head"]

1. d4 f5 2. Bg5 c6 3. Nd2 Qb6 4. e3 g6 5. h4 h6 6. Bf4 d6 7. Bd3 Nf6 8. Ne2 Bg7
9. c3 Be6 10. Qc2 Rf8 11. Bh2 Nbd7 12. f3 O-O-O 13. O-O-O Qa5 14. b3 Bg8 15. e4
fxe4 16. Nxe4 Nxe4 17. Bxe4 g5 18. Bg3 Nf6 19. Bf5+ e6 20. Bd3 Nd5 21. Qd2 Nf4
22. Nxf4 gxf4 23. Bf2 e5 24. Rhe1 Rde8 25. Kb1 exd4 26. Rxe8+ Rxe8 27. cxd4
Qxd2 28. Rxd2 Kd7 29. Re2 Rxe2 30. Bxe2 Bh7+ 31. Kc1 b5 32. Kd2 Ke6 33. Bg1 h5
34. Bh2 Bh6 35. Bd3 Bxd3 36. Kxd3 Kd5 37. g4 fxg3 38. Bxg3 Bg7 39. b4 a6 40.
Bf4 Bf6 41. Bg3 1/2-1/2

[Event "4NCL Division 2c"]
[Site "Puma Hotel, Hinckley Island EN"]
[Date "2013.05.04"]
[Round "9.41"]
[White "Ashton, Adam G"]
[Black "Yeo, Michael J"]
[Result "1-0"]
[WhiteElo "2367"]
[BlackElo "2155"]
[PlyCount "99"]
[EventDate "2013.05.04"]
[WhiteTeam "3Cs 1"]
[BlackTeam "Wessex"]

1. e4 e5 2. Nf3 Nc6 3. Bc4 Nf6 4. d3 Bc5 5. c3 a6 6. Bb3 Ba7 7. Nbd2 d6 8. h3
h6 9. Nf1 d5 10. Qe2 dxe4 11. dxe4 Be6 12. Ng3 Bxb3 13. axb3 g6 14. O-O Qe7 15.
b4 Qe6 16. Be3 Bxe3 17. Qxe3 Rd8 18. Nd2 Kf8 19. f4 Kg7 20. f5 Qd6 21. Nb3 Qd3
22. Qf2 Nxe4 23. Nxe4 Qxe4 24. f6+ Kh7 25. Nc5 Qc4 26. Nxb7 Rd5 27. Rfd1 Rb8
28. Rxd5 Qxd5 29. Nc5 e4 30. Rxa6 Re8 31. Ra1 Ne5 32. Re1 Nd3 33. Nxd3 exd3 34.
Rxe8 d2 35. Re1 dxe1=Q+ 36. Qxe1 g5 37. Qb1+ Kg8 38. Qf1 Kh7 39. b3 Kg6 40. c4
Qd4+ 41. Kh1 Qc3 42. c5 Qxb4 43. Qd3+ Kxf6 44. Qd8+ Ke6 45. Qxc7 Qb5 46. Qd6+
Kf5 47. c6 Qa6 48. Kh2 h5 49. Qd7+ Kg6 50. c7 1-0

[Event "4NCL Division 2c"]
[Site "Puma Hotel, Hinckley Island EN"]
[Date "2013.05.04"]
[Round "9.42"]
[White "Rutter, Nick J"]
[Black "Longson, Alexander"]
[Result "1/2-1/2"]
[WhiteElo "2193"]
[BlackElo "2273"]
[PlyCount "118"]
[EventDate "2013.05.04"]
[WhiteTeam "Wessex"]
[BlackTeam "3Cs 1"]

1. e4 c5 2. Nf3 d6 3. d4 cxd4 4. Nxd4 Nf6 5. Nc3 a6 6. Bg5 Nbd7 7. Qe2 b5 8.
Nd5 Bb7 9. Nxf6+ Nxf6 10. Bxf6 exf6 11. O-O-O g6 12. h4 h5 13. Rh3 Bg7 14. Rhd3
Qc7 15. Kb1 O-O 16. g4 Rfe8 17. Bg2 d5 18. gxh5 dxe4 19. Rg3 Qc4 20. Qxc4 bxc4
21. hxg6 fxg6 22. Rxg6 Kf7 23. h5 Bf8 24. Bf1 Bd5 25. Nf5 Be6 26. Ne3 Rad8 27.
c3 Rxd1+ 28. Nxd1 Bc5 29. Ne3 Bxe3 30. fxe3 Rd8 31. Kc2 Rd5 32. Be2 Rg5 33.
Rxg5 fxg5 34. Bf1 g4 35. b3 Kf6 36. bxc4 g3 37. Bg2 Kg5 38. Kb3 Kxh5 39. Kb4
Kg5 40. Kc5 Bg4 41. Bxe4 Bh3 42. Kb6 g2 43. Bxg2 Bxg2 44. c5 Kf6 45. Kxa6 Ke6
46. Kb6 Kd7 47. Kb5 Bd5 48. a3 Kc7 49. c4 Bf3 50. a4 Bg2 51. a5 Bf3 52. c6
Bxc6+ 53. Kc5 Bf3 54. Kd4 Kb7 55. e4 Ka6 56. e5 Kxa5 57. Kc5 Ka6 58. e6 Kb7 59.
Kd6 Bc6 1/2-1/2